Effects of Energetic Disorder on the Optoelectronic Properties of Organic Solar Cells.

Bibliographic Details
Main Author: Felekidis, Nikolaos.
Format: eBook
Language:English
Published: Linköping : Linkopings Universitet, 2018.
Edition:1st ed.
Series:Linköping Studies in Science and Technology. Dissertations Series
Subjects:
Online Access:Click to View
LEADER 02066nam a22003733i 4500
001 EBC5516495
003 MiAaPQ
005 20240729202202.0
006 m o d |
007 cr cnu||||||||
008 240729s2018 xx o ||||0 eng d
020 |a 9789176852712  |q (electronic bk.) 
035 |a (MiAaPQ)EBC5516495 
035 |a (Au-PeEL)EBL5516495 
035 |a (OCoLC)1372395940 
040 |a MiAaPQ  |b eng  |e rda  |e pn  |c MiAaPQ  |d MiAaPQ 
100 1 |a Felekidis, Nikolaos. 
245 1 0 |a Effects of Energetic Disorder on the Optoelectronic Properties of Organic Solar Cells. 
250 |a 1st ed. 
264 1 |a Linköping :  |b Linkopings Universitet,  |c 2018. 
264 4 |c {copy}2018. 
300 |a 1 online resource (75 pages) 
336 |a text  |b txt  |2 rdacontent 
337 |a computer  |b c  |2 rdamedia 
338 |a online resource  |b cr  |2 rdacarrier 
490 1 |a Linköping Studies in Science and Technology. Dissertations Series ;  |v v.1943 
505 0 |a Intro -- Abstract -- Publications included in the Thesis -- Contribution to papers -- Not included papers -- Contents -- 1. Introduction -- 2. Organic Semiconductors -- 3. Organic Solar Cells -- 4. Models for solar cells -- 5. Ternary BHJ OPVs -- 6. Optoelectronic processes of CT states -- 7. Conclusion -- Bibliography -- Material abbreviations and chemical structure -- Acknowledgements -- Papers. 
588 |a Description based on publisher supplied metadata and other sources. 
590 |a Electronic reproduction. Ann Arbor, Michigan : ProQuest Ebook Central, 2024. Available via World Wide Web. Access may be limited to ProQuest Ebook Central affiliated libraries.  
655 4 |a Electronic books. 
776 0 8 |i Print version:  |a Felekidis, Nikolaos  |t Effects of Energetic Disorder on the Optoelectronic Properties of Organic Solar Cells  |d Linköping : Linkopings Universitet,c2018 
797 2 |a ProQuest (Firm) 
830 0 |a Linköping Studies in Science and Technology. Dissertations Series 
856 4 0 |u https://ebookcentral.proquest.com/lib/matrademy/detail.action?docID=5516495  |z Click to View